|
|
|
|
| LEADER |
01971nam a22005175i 4500 |
| 001 |
978-3-540-33018-9 |
| 003 |
DE-He213 |
| 005 |
20160507051527.0 |
| 007 |
cr nn 008mamaa |
| 008 |
100805s2006 gw | s |||| 0|eng d |
| 020 |
|
|
|a 9783540330189
|9 978-3-540-33018-9
|
| 024 |
7 |
|
|a 10.1007/b101405
|2 doi
|
| 040 |
|
|
|d GrThAP
|
| 050 |
|
4 |
|a TP248.13-248.65
|
| 072 |
|
7 |
|a TCB
|2 bicssc
|
| 072 |
|
7 |
|a SCI010000
|2 bisacsh
|
| 082 |
0 |
4 |
|a 660.6
|2 23
|
| 245 |
1 |
0 |
|a Sterile Filtration
|h [electronic resource] /
|c edited by Maik W. Jornitz.
|
| 264 |
|
1 |
|a Berlin, Heidelberg :
|b Springer Berlin Heidelberg :
|b Imprint: Springer,
|c 2006.
|
| 300 |
|
|
|a XIII, 203 p. 86 illus.
|b online resource.
|
| 336 |
|
|
|a text
|b txt
|2 rdacontent
|
| 337 |
|
|
|a computer
|b c
|2 rdamedia
|
| 338 |
|
|
|a online resource
|b cr
|2 rdacarrier
|
| 347 |
|
|
|a text file
|b PDF
|2 rda
|
| 490 |
1 |
|
|a Advances in Biochemical Engineering,
|x 0724-6145 ;
|v 98
|
| 505 |
0 |
|
|a R. Levy, M.W. Jornitz: Types of Filtration -- T. Meltzer: Modus of Filtration -- O.W. Reif: Microfiltration Membranes: Characteristics and Manufacturing -- M. W. Jornitz: Filter Construction and Design -- R. Madsen: Filter Validation -- M. W. Jornitz: Integrity Testing.
|
| 650 |
|
0 |
|a Chemistry.
|
| 650 |
|
0 |
|a Laboratory medicine.
|
| 650 |
|
0 |
|a Analytical chemistry.
|
| 650 |
|
0 |
|a Biotechnology.
|
| 650 |
|
0 |
|a Biochemistry.
|
| 650 |
|
0 |
|a Microbiology.
|
| 650 |
1 |
4 |
|a Chemistry.
|
| 650 |
2 |
4 |
|a Biotechnology.
|
| 650 |
2 |
4 |
|a Laboratory Medicine.
|
| 650 |
2 |
4 |
|a Analytical Chemistry.
|
| 650 |
2 |
4 |
|a Biochemistry, general.
|
| 650 |
2 |
4 |
|a Microbiology.
|
| 700 |
1 |
|
|a Jornitz, Maik W.
|e editor.
|
| 710 |
2 |
|
|a SpringerLink (Online service)
|
| 773 |
0 |
|
|t Springer eBooks
|
| 776 |
0 |
8 |
|i Printed edition:
|z 9783540286257
|
| 830 |
|
0 |
|a Advances in Biochemical Engineering,
|x 0724-6145 ;
|v 98
|
| 856 |
4 |
0 |
|u http://dx.doi.org/10.1007/b101405
|z Full Text via HEAL-Link
|
| 912 |
|
|
|a ZDB-2-CMS
|
| 950 |
|
|
|a Chemistry and Materials Science (Springer-11644)
|